00518 a2200157 45000010006000000050017000060080041000230030015000640400040000790800077001192450056001962640032002523000018002845050037003021000021003395795120260407155839.0260407a1970 arg spa dAR-UNSa-BCEJYS aAR-UNSa-BCEJYSbspacAR-UNSa-BCEJYS a141.82xSocialismo científico, comunismo, marxismo, marxismo-leninismo10aSobre el trabajo teórico: dificultades y recursos 1aBarcelona :bAnagramac1970 a59 p.c17 cm. a1. Dificultades – 2. Recursos 1 aAlthusser, Louis